000 00701nam a22001937a 4500
999 _c182818
_d182818
005 20211207121241.0
010 _aUR-11351
020 _c100.00
_a9789390100873
035 _aU-9906
037 _bDBAD/PUB
082 _a920
100 _aمنا ظر عا شق ہر گا نو ی
245 _aا يم ا سلم : بچو ں کے نا و ل نگا ر
_cمنا ظر عا شق ہر گا نو ی
246 _aM.Aslam : Bachchon Ke Novel Nigar (Urdu)
_bBy Manazir Ashiq Harganvi
260 _aN.Delhi
_c2020 ء
_bEducational Publishing House
270 _aD1/16,Ansari Road,Darya Ganj,
_bNew Delhi
_e110002
_l -
300 _a68 ص
_c22 Cm(Hb)
942 _2ddc
_cUR
_h920
_mم ن ا